Регионална библиотека "Любен Каравелов" - Русе

Път за автобуси (Запис номер 167564)

MARC детайли
000 -Лидер
Контролно поле с фиксирана дължина 01415nam a2200373 c 4500
003 - Код на организацията, давaща контролен номер
Контролно поле BLK
005 - Дата и час на последна редакция
Контролно поле 20240624115351.0
008 - Елементи от данни с фиксирана дължина
fixed length control field 180411b bul|||||r ||||||| ||bul||
010 ## - Наследен системен номер
LC control number KNG00175375000
040 ## - Източник на каталожния запис
Идентификатор на билиотеката - собственик на записа BLK
041 ## - Код за език
Код за езика на текст/звукозапис или на отделно заглавие Български
Код за езика КДБФ Български
072 #7 - Код за тематичната категория
Код организация bullib
Код за тематична категория К
Текст Краезнание
080 ## - УДК
Текстов определител УДК Автобуси
УДК код - определител по УДК 629.114.5
УДК определител
УДК - код + определител 629.114.5
100 ## - Редна дума - Автор
Автор Черняев, Христо Иванов
Дати, свързани с автора 1930 - 2021
Автор - информация (биография) Български поет, публицист и писател
R(LIN) 365420
139 ## - Редно поле
Редна дума Черняев, Христо Иванов
Авторски знак Черни - Ч 71
245 10 - Сведения за заглавието
Заглавие Път за автобуси
Подзаглавни данни [Очерк за комбината Чавдар - Ботевград]
Редно поле (дума) Христо Иванов Черняев.
257 ## - Страна на издаване
Страна на създаване/издаване България
260 ## - Област на издателските данни
-- София
Име на издателя, разпространителя и проч. Профиздат
Година на издаване 1983
300 ## - Физическа характеристика
Страници 199 с.
Размери/Мащаб 17 см
380 ## - Жанр
Жанр Техника
500 ## - Общи забележки
Забележка 5 143 тир.
650 #4 - Допълнително описание по предмет – тема
Основно описание – тема или топоним Автомобилна промишленост
9 (RLIN) 146408
651 #4 - Допълнително описание по предмет - топоним
Географско понятие Ботевград
9 (RLIN) 178646
653 ## - Ключова дума – ненормативна
Ключова дума автомобилостроене
653 ## - Ключова дума – ненормативна
Ключова дума автобуси
653 ## - Ключова дума – ненормативна
Ключова дума заводи
659 ## - Тематичен бюлетин
Тематичен бюлетин К
852 ## - Местоположение
Форматна сигнатура Цб І 20629
856 4# - Електронен адрес и достъп
Електронен формат pdf - файл
Път до файла /url/
856 4# - Електронен адрес и достъп
Електронен формат pdf - файл
Път до файла /url/
942 ## - АРТИКУЛИ
Вид на библиотечния материал Книги
Скрит в OPAC Не
Koha issues (borrowed), all copies 1
944 ## - СЪЗДАВАНЕ И РЕДАКЦИЯ на ЗАПИСА
Създаване/Редакция Създаване
Дата на регистрацията/редакция 15.05.2015
Статус, дата на статуса Христина Везирева
Служител, извършил регистрацията/редакцията 30535
944 ## - СЪЗДАВАНЕ И РЕДАКЦИЯ на ЗАПИСА
Създаване/Редакция Редакция
Дата на регистрацията/редакция 28.07.2015
Статус, дата на статуса 15.05.2015 - от С1,Р / 15.05.2015
Служител, извършил регистрацията/редакцията Валя_Йорданова
999 ## - СИСТЕМНИ КОНТРОЛНИ НОМЕРА
Koha biblionumber 167564
Koha biblioitemnumber 167564
Наличности
Код за отписване Код за изгубен артикул Източник на класификационната схема Код за повреда Коз за рестрикции Код за отдаване Артикулен № Име на библиотеката - собственик Име на библиотеката, в която се намира в момента Статус (Текущо местоположение) Дата на вписване в системата Местоположение - отдел Цена в лева Инвентарен номер Систематично азбучна сигнатура Баркод Номер на екземпляра Цена в евро Служебна бележка Служебен тип на артикула
  Не е изгубен Universal Decimal Classification Не е повреден без рестрикции ползва се в читалня 282298 Регионална библиотека "Любен Каравелов" Русе Регионална библиотека "Любен Каравелов" Русе Краезнание 1983-01-01 Краезнание 0.37 383751 К 62/Ч 71 120000383751 1 0.19 N: Сф Дата: 01.01.1983 Дата инв: 10.11.2017 Бележки инв: К2017 Книги
  Не е изгубен Universal Decimal Classification Не е повреден само за читалня ползва се в читалня 282299 Регионална библиотека "Любен Каравелов" Русе Регионална библиотека "Любен Каравелов" Русе Хранилище 1983-01-01 Хранилище 0.83 384397 Цб І 20629 120000384397 2 0.42 Дост: Dp Вид: Д N: Сф Дата: 01.01.1983 Книги
Vip Innovations Ltd, Rousse, Bulgaria 2025